000 01072nam a22003377a 4500
001 000735
003 DO-SdBNP
005 20180209124820.0
007 000735
008 161123b 1992 sp a ||||| |||| 00| 0 spa d
020 _a8434820951
040 _aBPMSU
_bspa
_cBPMSU
100 1 _aAlbó, Núria,
_d1930-
240 1 _aTanit.
_lEspañol
245 1 0 _aTanit /
_cNúria Albó ; traducción, Marinella Terzi ; ilustraciones, Irene Bordoy.
250 _a6ª ed.
260 _aMadrid :
_bSM,
_c1992.
300 _a115 p. :
_bil. ;
_c19 cm.
490 1 _aBarco de vapor. Serie naranja
_v42
490 1 _aEl barco de vapor
_v118
500 _aPara niños a partir de 9 años"
500 _aTraducción de: Tanit
586 _a"Premio 'El Vaixell de Vapor' 1984."
700 1 2 _aTerzi, Marinella,
_d1958-
_etr.
700 1 _aBordoy, Irene,
_d1940-
_eil.
830 0 _aBarco de vapor. Serie naranja ;
_v42
830 0 _aEl barco de vapor ;
_v118
942 _2ddc
_cBK
945 _aInventariado, 2018/MFF
956 _2LOPEREZ
_310
_620161123
_8BPMSU
_a00041
999 _c12072
_d12072